000 00939naa a2200229 4500
001 45945
003 ES-MaCES
005 20150925135704.0
008 150608s2014 sp ||||| t||||||| ||spa d
040 _aES-MaCES
_bspa
_cES-MaCES
100 1 _910672
_aDíaz de Atauri, Pablo Gimeno
245 1 0 _aEstudios sobre el mercado de trabajo
_b: los trabajadores de más de 45 años en la crisis del mercado de trabajo
_cPablo Gimeno Díaz de Atauri
650 4 _928292
_amercado de trabajo
650 4 _930040
_acondiciones de empleo
650 4 _928410
_atrabajador de edad avanzada
650 4 _929792
_asituación ocupacional
653 1 0 _aEmpleo
650 4 _928369
_arelaciones laborales
773 0 _982478
_dValladolid (Avda. Reyes Católicos, 11, 47008) Lex nova
_o085381
_tInformación laboral
_w(ES-MaCES)25782
_gn. 10 (2014) {55/796 R. 085381} ;p. 221-234
902 _aART Artículo de revista
942 _2CES
_cAR
_h2.0.
999 _c45945
_d45945